[Event "POL-chT 2nd League"]
[Site "Jastrzebia Gora"]
[Date "2022.09.07"]
[Round "5.120"]
[White "Baranska, Monika"]
[Black "Juchniewicz Jasek, Joanna"]
[Result "1-0"]
[WhiteElo "1763"]
[BlackElo "1281"]
[PlyCount "152"]
[EventDate "2022.09.03"]
[EventType "team-swiss"]
[EventRounds "9"]
[EventCountry "POL"]
[SourceTitle "CBM 210 Extra"]
[Source "ChessBase"]
[SourceDate "2022.11.30"]
[SourceVersion "1"]
[SourceVersionDate "2022.11.30"]
[SourceQuality "1"]
[WhiteTeam "Skoczek Trojanski"]
[BlackTeam "Gornik Ledziny"]
[WhiteTeamCountry "POL"]
[BlackTeamCountry "POL"]

1. d4 d5 2. c4 c6 3. e3 Nf6 4. Nc3 e6 5. Nf3 Bb4 6. Bd2 0-0 7. Bd3 dxc4 8. Bxc4 b5 9. Be2 Bb7 10. 0-0 Nbd7 11. Rc1 a5 12. a4 Bxc3 13. Bxc3 b4 14. Bd2 Qe7 15. Re1 Rfc8 16. Bd3 c5 17. e4 h6 18. e5 Nd5 19. Qe2 N5b6 20. b3 cxd4 21. Nxd4 Qh4 22. Nf3 Qg4 23. h3 Bxf3 24. hxg4 Bxe2 25. Rxe2 Rxc1+ 26. Bxc1 Rc8 27. Bb2 Nd5 28. Bc4 N7b6 29. Ba6 Rc7 30. Bd4 Rc1+ 31. Kh2 Rc7 32. g3 Nd7 33. Bc4 N7b6 34. Bb5 Rc1 35. Rd2 Nc8 36. Bc4 Nce7 37. Bc5 g6 38. Bxe7 Nxe7 39. Rd6 Re1 40. f4 Rc1 41. Ra6 h5 42. gxh5 gxh5 43. Rxa5 Rc2+ 44. Kg1 Nf5 45. Ra8+ Kg7 46. Ra7 Kf8 47. Bd3 Rc3 48. Bxf5 exf5 49. Kg2 Rxb3 50. Rb7 Rb2+ 51. Kh3 b3 52. a5 Ra2 53. Rxb3 Rxa5 54. Rb6 Kg7 55. Rf6 Ra1 56. Rxf5 Kg6 57. Rg5+ Kh6 58. Rf5 Kg6 59. Rf6+ Kg7 60. Kg2 Ra2+ 61. Kf3 Ra3+ 62. Kg2 Ra2+ 63. Kh3 Ra1 64. Rf5 Kg6 65. Rg5+ Kh6 66. Kg2 Ra4 67. Kf3 Ra3+ 68. Ke4 Ra6 69. Kf5 Rc6 70. Ke4 Ra6 71. Rf5 Kg6 72. Rg5+ Kh6 73. Kd5 Rb6 74. Rg8 Rg6 75. Rxg6+ Kxg6 76. Ke4 Kh7 1-0

[Event "POL-chT 2nd League"]
[Site "Jastrzebia Gora"]
[Date "2022.09.03"]
[Round "1.138"]
[White "Baranska, Monika"]
[Black "Anyz, Monika"]
[Result "1-0"]
[WhiteElo "1763"]
[BlackElo "1735"]
[PlyCount "85"]
[EventDate "2022.09.03"]
[EventType "team-swiss"]
[EventRounds "9"]
[EventCountry "POL"]
[SourceTitle "CBM 210 Extra"]
[Source "ChessBase"]
[SourceDate "2022.11.30"]
[SourceVersion "1"]
[SourceVersionDate "2022.11.30"]
[SourceQuality "1"]
[WhiteTeam "Skoczek Trojanski"]
[BlackTeam "Skarzysko Kamienna"]
[WhiteTeamCountry "POL"]
[BlackTeamCountry "POL"]

1. d4 c5 2. d5 Nf6 3. Nc3 d6 4. e4 g6 5. Bb5+ Bd7 6. Bc4 Bg7 7. Qe2 a6 8. a4 0-0 9. Nf3 e6 10. 0-0 exd5 11. Nxd5 Nxd5 12. Bxd5 Bc6 13. Rd1 Qe7 14. c3 Bxd5 15. Rxd5 Nc6 16. Bf4 Rad8 17. Rad1 Ne5 18. Nxe5 Bxe5 19. Bxe5 dxe5 20. Qc4 Kg7 21. h3 f6 22. Rxd8 Rxd8 23. Rxd8 Qxd8 24. Qxc5 Qd1+ 25. Kh2 Qxa4 26. Qe7+ Kh6 27. Qxb7 Qc2 28. f3 Qd2 29. Qxa6 Qf4+ 30. Kg1 Qe3+ 31. Kf1 Qc1+ 32. Kf2 Qxb2+ 33. Kg3 Qxc3 34. Qxf6 Qd4 35. h4 Qa1 36. Kg4 Qa3 37. Qxe5 Qa2 38. Kh3 Qb1 39. Kh2 Qe1 40. Qf6 Qe3 41. e5 Kh5 42. g4+ Kh6 43. Qf8# 1-0

[Event "Poznan op 28th"]
[Site "Poznan"]
[Date "2021.08.22"]
[Round "9"]
[White "Jagodzinski, Alan"]
[Black "Baranska, Monika"]
[Result "1/2-1/2"]
[WhiteElo "1460"]
[BlackElo "1767"]
[PlyCount "43"]
[EventDate "2021.08.15"]
[EventType "swiss"]
[EventRounds "9"]
[EventCountry "POL"]
[SourceTitle "CBM 203 Extra"]
[Source "ChessBase"]
[SourceDate "2021.09.30"]
[SourceVersion "1"]
[SourceVersionDate "2021.09.30"]
[SourceQuality "1"]

1. e4 e6 2. d4 d5 3. Nd2 c5 4. Ngf3 cxd4 5. Nxd4 Nc6 6. Bb5 Bd7 7. c3 Nxd4 8. Bxd7+ Qxd7 9. cxd4 dxe4 10. Nxe4 Qd5 11. Qd3 Be7 12. 0-0 Nf6 13. Nc3 Qh5 14. d5 0-0 15. dxe6 fxe6 16. Qb5 Bc5 17. Bf4 Ne4 18. Be3 Nxc3 19. Qxc5 Qxc5 20. Bxc5 Rfc8 21. Be3 Nd5 22. Rac1 1/2-1/2

[Event "Poznan op 28th"]
[Site "Poznan"]
[Date "2021.08.15"]
[Round "1"]
[White "Borkowski, Pawel"]
[Black "Baranska, Monika"]
[Result "0-1"]
[WhiteElo "1141"]
[BlackElo "1767"]
[PlyCount "66"]
[EventDate "2021.08.15"]
[EventType "swiss"]
[EventRounds "9"]
[EventCountry "POL"]
[SourceTitle "CBM 203 Extra"]
[Source "ChessBase"]
[SourceDate "2021.09.30"]
[SourceVersion "1"]
[SourceVersionDate "2021.09.30"]
[SourceQuality "1"]

1. e4 e6 2. d4 d5 3. e5 c5 4. c3 Nc6 5. Nf3 Qb6 6. Be2 cxd4 7. cxd4 Nh6 8. b3 Bb4+ 9. Bd2 Nxd4 10. 0-0 Nxe2+ 11. Qxe2 Bxd2 12. Nbxd2 0-0 13. Qd3 f6 14. Rfe1 Ng4 15. Re2 fxe5 16. Ng5 e4 17. Qh3 Nf6 18. Kh1 h6 19. f4 hxg5 20. fxg5 e5 21. Qh4 Nh7 22. Qh5 Bf5 23. g4 Bg6 24. Qh4 e3 25. Nf1 Rf2 26. Ng3 Rxe2 27. Nxe2 Be4+ 28. Kg1 Qg6 29. Qg3 Nxg5 30. h4 Nf3+ 31. Kf1 Rf8 32. h5 Nh2+ 33. Ke1 Rf1# 0-1

[Event "POL-chT 2nd League"]
[Site "Jastrzebia Gora"]
[Date "2019.09.07"]
[Round "1.20"]
[White "Baranska, Monika"]
[Black "Trybowska, Barbara"]
[Result "1/2-1/2"]
[WhiteElo "1795"]
[BlackElo "1689"]
[PlyCount "120"]
[EventDate "2019.09.07"]
[EventType "team-swiss"]
[EventRounds "9"]
[EventCountry "POL"]
[SourceTitle "EXT 2020"]
[Source "ChessBase"]
[SourceDate "2019.10.17"]
[SourceVersion "1"]
[SourceVersionDate "2019.10.17"]
[SourceQuality "1"]
[WhiteTeam "Skoczek Trojanski"]
[BlackTeam "Sedziszow Malopolski"]
[WhiteTeamCountry "POL"]
[BlackTeamCountry "POL"]

1. d4 Nf6 2. c4 e6 3. Nc3 Bb4 4. Qc2 0-0 5. Nf3 d5 6. cxd5 exd5 7. Bg5 Qd6 8. e3 Ne4 9. Bf4 Qe7 10. a3 Bxc3+ 11. bxc3 Bf5 12. Bd3 c5 13. Nd2 cxd4 14. Bxe4 dxe4 15. cxd4 Rc8 16. Qb2 b6 17. 0-0 Nd7 18. Rfc1 Nf8 19. a4 Ng6 20. Bg3 h5 21. Qb5 Qe6 22. h4 a6 23. Rxc8+ Rxc8 24. Qxa6 Rc2 25. Nf1 Bg4 26. Qb5 Be2 27. Qb4 Bd3 28. a5 bxa5 29. Qxa5 Be2 30. Qa4 Bd3 31. Qb4 Qc6 32. Qb8+ Kh7 33. Ra5 Be2 34. f3 Qc8 35. Rxh5+ Kg8 36. Qxc8+ Rxc8 37. Nd2 exf3 38. gxf3 Rc2 39. Be1 Kf8 40. Rc5 Ra2 41. h5 Ne7 42. Kf2 Bd1 43. Kg3 Ke8 44. Nc4 Kd7 45. Nb6+ Ke8 46. Nc4 Kd7 47. Rg5 Bb3 48. Rc5 Bxc4 49. Rxc4 Re2 50. Bf2 Nf5+ 51. Kf4 Nd6 52. Ra4 Rxf2 53. e4 Rb2 54. Ra5 Rb5 55. Ra7+ Rb7 56. Ra5 Nb5 57. d5 Kd6 58. Ra6+ Kc5 59. h6 gxh6 60. Rxh6 Nd4 1/2-1/2

[Event "Mazowiec-chT 1819"]
[Site "Warsaw"]
[Date "2018.12.02"]
[Round "1.15"]
[White "Strzesniewska, Joanna"]
[Black "Baranska, Monika"]
[Result "0-1"]
[WhiteElo "1443"]
[BlackElo "1753"]
[PlyCount "90"]
[EventDate "2018.12.02"]
[EventType "team-tourn"]
[EventRounds "7"]
[EventCountry "POL"]
[SourceTitle "EXT 2020"]
[Source "ChessBase"]
[SourceDate "2019.10.17"]
[SourceVersion "1"]
[SourceVersionDate "2019.10.17"]
[SourceQuality "1"]

1. e4 e6 2. d4 d5 3. exd5 exd5 4. Nc3 c6 5. Nf3 Bd6 6. Be2 Ne7 7. a3 0-0 8. 0-0 Ng6 9. h3 Re8 10. Bd3 Nd7 11. Ne2 Qc7 12. Re1 Nf6 13. Nc3 Bd7 14. b4 b5 15. Bd2 Rxe1+ 16. Qxe1 Nh5 17. Ne2 Re8 18. Qc1 Qc8 19. Bxg6 hxg6 20. Nf4 Re4 21. Nxh5 gxh5 22. Qf1 Bf5 23. c3 f6 24. Re1 Qe6 25. Rxe4 dxe4 26. Nh4 Bh7 27. g3 g5 28. Ng2 Qxh3 29. Ne3 Qxf1+ 30. Kxf1 Kf7 31. Kg2 Ke6 32. f3 exf3+ 33. Kxf3 g4+ 34. Kg2 Be4+ 35. Kf2 f5 36. Nf1 Bd3 37. Ne3 f4 38. gxf4 Bxf4 39. Ke1 Bxe3 40. Bxe3 a6 41. Kf2 h4 42. Bg5 h3 43. Kg3 Be2 44. Kf2 h2 45. Kg2 g3 0-1

[Event "POL-chT 2nd League"]
[Site "Jastrzebia Gora"]
[Date "2018.09.03"]
[Round "3.84"]
[White "Chmiel, Dominika"]
[Black "Baranska, Monika"]
[Result "1-0"]
[WhiteElo "2098"]
[BlackElo "1734"]
[PlyCount "57"]
[EventDate "2018.09.01"]
[EventType "team-swiss"]
[EventRounds "9"]
[EventCountry "POL"]
[SourceTitle "CBM 186 Extra"]
[Source "ChessBase"]
[SourceDate "2018.08.24"]
[SourceVersion "1"]
[SourceVersionDate "2018.08.24"]
[SourceQuality "1"]
[WhiteTeam "Chroscice Victoria"]
[BlackTeam "Warszawa Skoczek Trojanski"]
[WhiteTeamCountry "POL"]
[BlackTeamCountry "POL"]

1. e4 e6 2. d4 d5 3. Nd2 c5 4. c3 cxd4 5. cxd4 dxe4 6. Nxe4 Nc6 7. Nf3 Bb4+ 8. Nc3 Nf6 9. a3 Be7 10. Be3 Nd5 11. Bd3 h6 12. 0-0 Bf6 13. Ne4 Be7 14. Rc1 f5 15. Nc5 0-0 16. b4 Bd6 17. Qe2 Qf6 18. Rfe1 Nce7 19. Bd2 Nc7 20. Ne5 Rd8 21. Nc4 Qxd4 22. Bc3 Qf4 23. Nxd6 Qxd6 24. Be5 Qb6 25. Bxc7 Qxc7 26. Nxe6 Qxc1 27. Rxc1 Rxd3 28. Qxd3 Bxe6 29. Qe3 1-0

[Event "POL-chT 2nd League"]
[Site "Jastrzebia Gora"]
[Date "2018.09.01"]
[Round "1.18"]
[White "Baranska, Monika"]
[Black "Mikulewicz, Joanna"]
[Result "0-1"]
[WhiteElo "1734"]
[BlackElo "2031"]
[PlyCount "102"]
[EventDate "2018.09.01"]
[EventType "team-swiss"]
[EventRounds "9"]
[EventCountry "POL"]
[SourceTitle "CBM 186 Extra"]
[Source "ChessBase"]
[SourceDate "2018.08.24"]
[SourceVersion "1"]
[SourceVersionDate "2018.08.24"]
[SourceQuality "1"]
[WhiteTeam "Skoczek Trojanski"]
[BlackTeam "Czerwionka Leszczyny Skoczek"]
[WhiteTeamCountry "POL"]
[BlackTeamCountry "POL"]

1. d4 d5 2. c4 Nc6 3. Nc3 e6 4. Nf3 Nf6 5. Bg5 Be7 6. e3 0-0 7. Be2 h6 8. Bh4 b6 9. 0-0 Bb7 10. Rc1 dxc4 11. Bxc4 Na5 12. Be2 Rc8 13. a3 c5 14. dxc5 Qxd1 15. Rcxd1 bxc5 16. Ne5 Rfd8 17. h3 g5 18. Bg3 a6 19. Nc4 Nxc4 20. Bxc4 Nd5 21. Nxd5 exd5 22. Bd3 Bf6 23. b3 c4 24. bxc4 dxc4 25. Bc2 Bd5 26. Rb1 Be6 27. Rfd1 Kg7 28. f3 c3 29. Rxd8 Rxd8 30. Rd1 Rd2 31. Rxd2 cxd2 32. Bd6 a5 33. a4 Bc4 34. Kf2 Bc3 35. Bc5 f5 36. g3 Kf6 37. Bd1 h5 38. Bb6 Ke5 39. Bd8 g4 40. hxg4 hxg4 41. fxg4 fxg4 42. Bb6 Bd5 43. Bc7+ Kf5 44. Ke2 Bf3+ 45. Kd3 Bb4 46. Kc2 Ke4 47. Bf4 Kd5 48. Bg5 Kc4 49. Bh4 Be4+ 50. Kb2 Bc3+ 51. Ka3 Bf3 0-1

[Event "Mazowiec-chT op 1718"]
[Site "Warsaw"]
[Date "2018.02.18"]
[Round "7.9"]
[White "Baranska, Monika"]
[Black "Jedynak, January"]
[Result "0-1"]
[WhiteElo "1756"]
[BlackElo "1830"]
[PlyCount "86"]
[EventDate "2017.12.03"]
[EventType "team-swiss"]
[EventRounds "10"]
[EventCountry "POL"]
[SourceTitle "EXT 2020"]
[Source "ChessBase"]
[SourceDate "2019.10.17"]
[SourceVersion "1"]
[SourceVersionDate "2019.10.17"]
[SourceQuality "1"]

1. d4 d5 2. c4 c6 3. Nc3 Nf6 4. cxd5 cxd5 5. Nf3 Nc6 6. e3 e6 7. Bd3 Bd6 8. 0-0 0-0 9. a3 Bd7 10. Nb5 Bb8 11. Nc3 Bd6 12. Nb5 Be7 13. b3 Rc8 14. Bb2 a6 15. Nc3 b5 16. b4 Qb6 17. Ne5 Be8 18. Qe2 Nd7 19. f4 f6 20. Nxc6 Qxc6 21. Rac1 Qb7 22. e4 Nb6 23. f5 exf5 24. exf5 Bf7 25. Rce1 Bd6 26. Qg4 Rfe8 27. Ne2 Nc4 28. Bxc4 dxc4 29. Bc3 Re4 30. Qf3 Bd5 31. Qf2 Rce8 32. Ng3 R4e7 33. Rxe7 Rxe7 34. Re1 a5 35. Rxe7 Qxe7 36. Qe1 Qd7 37. Qf2 axb4 38. axb4 Qa7 39. Qb2 Qa4 40. Qd2 Qb3 41. Kf2 Qb1 42. Qe1 Qc2+ 43. Kg1 Qxg2# 0-1

[Event "Mazowiec-chT op 1718"]
[Site "Warsaw"]
[Date "2018.02.18"]
[Round "8.8"]
[White "Kurek, Maciej"]
[Black "Baranska, Monika"]
[Result "0-1"]
[WhiteElo "1632"]
[BlackElo "1756"]
[PlyCount "48"]
[EventDate "2017.12.03"]
[EventType "team-swiss"]
[EventRounds "10"]
[EventCountry "POL"]
[SourceTitle "EXT 2020"]
[Source "ChessBase"]
[SourceDate "2019.10.17"]
[SourceVersion "1"]
[SourceVersionDate "2019.10.17"]
[SourceQuality "1"]

1. e4 e6 2. d4 d5 3. exd5 exd5 4. Bd3 Bd6 5. Ne2 Ne7 6. Bf4 c6 7. 0-0 0-0 8. c3 Bf5 9. Qc2 Bxd3 10. Qxd3 Ng6 11. Bg3 Qc7 12. Nd2 Nd7 13. c4 Bxg3 14. fxg3 dxc4 15. Nxc4 Nf6 16. Nf4 Rad8 17. Rae1 Qd7 18. Nxg6 hxg6 19. Rf4 g5 20. Rf5 Qxd4+ 21. Qxd4 Rxd4 22. Na5 Rd2 23. Nxb7 Rxb2 24. Na5 Rd8 0-1

[Event "Mazowiec-chT op 1718"]
[Site "Warsaw"]
[Date "2018.02.04"]
[Round "6.14"]
[White "Baranska, Monika"]
[Black "Strzesniewska, Joanna"]
[Result "1-0"]
[WhiteElo "1756"]
[BlackElo "1734"]
[PlyCount "73"]
[EventDate "2017.12.03"]
[EventType "team-swiss"]
[EventRounds "10"]
[EventCountry "POL"]
[SourceTitle "EXT 2020"]
[Source "ChessBase"]
[SourceDate "2019.10.17"]
[SourceVersion "1"]
[SourceVersionDate "2019.10.17"]
[SourceQuality "1"]

1. d4 d5 2. c4 e6 3. Nc3 Nf6 4. Bg5 Be7 5. e3 h6 6. Bh4 Nc6 7. Nf3 g5 8. Bg3 Ne4 9. Nxe4 dxe4 10. Nd2 f5 11. Qh5+ Kf8 12. Qd1 Bf6 13. Nb3 b6 14. f3 exf3 15. gxf3 Bb7 16. Bg2 Qe7 17. 0-0 Rd8 18. Qe2 h5 19. h3 Kf7 20. Rad1 Kg6 21. d5 exd5 22. cxd5 Nb4 23. e4 fxe4 24. Qxe4+ Qxe4 25. fxe4 Bxb2 26. Rf2 Bc3 27. Bxc7 Rd7 28. Bh2 a5 29. a3 a4 30. Nd4 Na6 31. Rc2 Rc8 32. Nb5 Ba5 33. Rxc8 Bxc8 34. Nd6 Bb7 35. e5 Nc5 36. Nxb7 Rxb7 37. e6 1-0

[Event "Mazowiec-chT op 1718"]
[Site "Warsaw"]
[Date "2018.02.04"]
[Round "5.10"]
[White "Kurkowski, Zbigniew"]
[Black "Baranska, Monika"]
[Result "1-0"]
[WhiteElo "2009"]
[BlackElo "1756"]
[PlyCount "35"]
[EventDate "2017.12.03"]
[EventType "team-swiss"]
[EventRounds "10"]
[EventCountry "POL"]
[SourceTitle "EXT 2020"]
[Source "ChessBase"]
[SourceDate "2019.10.17"]
[SourceVersion "1"]
[SourceVersionDate "2019.10.17"]
[SourceQuality "1"]

1. e4 e6 2. d4 d5 3. Nd2 c5 4. exd5 Qxd5 5. Ngf3 Nf6 6. Bc4 Qd8 7. 0-0 Nc6 8. Nb3 cxd4 9. Nfxd4 Nxd4 10. Qxd4 Qxd4 11. Nxd4 a6 12. Re1 Bc5 13. Be3 Ba7 14. Rad1 0-0 15. h3 Re8 16. Nb3 b5 17. Bf1 Nd5 18. Bxa7 1-0

[Event "Mazowiec-chT 1617"]
[Site "Warsaw"]
[Date "2017.01.08"]
[Round "4.15"]
[White "Zyznowska, Marianna"]
[Black "Baranska, Monika"]
[Result "0-1"]
[WhiteElo "1080"]
[BlackElo "1778"]
[PlyCount "80"]
[EventDate "2016.12.11"]
[EventType "team-tourn"]
[EventRounds "10"]
[EventCountry "POL"]
[SourceTitle "EXT 2019"]
[Source "ChessBase"]
[SourceDate "2018.10.10"]
[SourceVersion "1"]
[SourceVersionDate "2018.10.10"]
[SourceQuality "1"]

1. d4 d5 2. Nf3 c6 3. Bf4 Nf6 4. e3 e6 5. Bd3 Bd6 6. Be5 Qe7 7. Nbd2 Nbd7 8. b3 0-0 9. 0-0 h6 10. c4 Bxe5 11. Nxe5 Nxe5 12. dxe5 Nd7 13. f4 f5 14. Qh5 Nc5 15. Bc2 Bd7 16. Qh3 Be8 17. b4 Ne4 18. Nxe4 dxe4 19. c5 b6 20. cxb6 axb6 21. a3 c5 22. Bb3 Ba4 23. Bc4 b5 24. Ba2 c4 25. Rfc1 Rfd8 26. g3 Rd3 27. Kf2 Rxa3 28. Qf1 Qxb4 29. Kg1 Qd2 30. Bxc4 Qxe3+ 31. Kh1 bxc4 32. Rxa3 Qxa3 33. Qxc4 Qf3+ 34. Kg1 Qe3+ 35. Kg2 Bb3 36. Qf1 Ra2+ 37. Kh3 Qd2 38. Qg1 Qe2 39. g4 fxg4+ 40. Qxg4 Qxh2# 0-1

[Event "POL-chT 2nd League"]
[Site "Jastrzebia Gora"]
[Date "2016.09.11"]
[Round "9.102"]
[White "Baranska, Monika"]
[Black "Buchta, Agnieszka"]
[Result "1-0"]
[WhiteElo "1780"]
[BlackElo "1611"]
[PlyCount "109"]
[EventDate "2016.09.03"]
[EventType "team-swiss"]
[EventRounds "9"]
[EventCountry "POL"]
[SourceTitle "EXT 2017"]
[Source "ChessBase"]
[SourceDate "2016.10.25"]
[SourceVersion "1"]
[SourceVersionDate "2016.10.25"]
[SourceQuality "1"]
[WhiteTeam "Skoczek Trojanski"]
[BlackTeam "Lipusz WDA"]
[WhiteTeamCountry "POL"]
[BlackTeamCountry "POL"]

1. d4 Nf6 2. Bg5 e6 3. Nd2 d5 4. Bxf6 Qxf6 5. e3 Bd6 6. g3 0-0 7. Bg2 Nd7 8. Ngf3 e5 9. dxe5 Nxe5 10. Nxe5 Bxe5 11. c3 c6 12. 0-0 Bf5 13. Qb3 Qe7 14. Nf3 Bf6 15. Nd4 Bg6 16. Qd1 Be4 17. Qg4 g6 18. Rad1 Rad8 19. Qe2 Bxg2 20. Kxg2 Rfe8 21. Qf3 Qe4 22. Rd2 Bxd4 23. Rxd4 Qxf3+ 24. Kxf3 f5 25. Rfd1 Re4 26. c4 Rxd4 27. Rxd4 Kf7 28. cxd5 cxd5 29. Ra4 a6 30. Rb4 Rd7 31. Rb6 Ke7 32. Ke2 Kd8 33. Kd3 Kc7 34. Rb3 Kc6 35. Kd4 Kc7 36. Kc5 Rd8 37. a4 Rd7 38. a5 Rd8 39. Rd3 Re8 40. Rxd5 Re4 41. b4 Re6 42. Kc4 Rc6+ 43. Rc5 Kd6 44. Rxc6+ Kxc6 45. f3 g5 46. e4 fxe4 47. fxe4 Kd6 48. Kd4 h6 49. e5+ Kc6 50. g4 Kb5 51. e6 Kxb4 52. e7 Kxa5 53. e8Q b5 54. Kc5 Ka4 55. Qe4+ 1-0

[Event "Warsaw YMCA Spring-B 168th"]
[Site "Warsaw"]
[Date "2016.05.13"]
[Round "6"]
[White "Baranska, Monika"]
[Black "Koziol, Pawel"]
[Result "1/2-1/2"]
[WhiteElo "1786"]
[BlackElo "1823"]
[PlyCount "58"]
[EventDate "2016.04.07"]
[EventType "tourn"]
[EventRounds "13"]
[EventCountry "POL"]
[SourceTitle "EXT 2019"]
[Source "ChessBase"]
[SourceDate "2018.10.10"]
[SourceVersion "1"]
[SourceVersionDate "2018.10.10"]
[SourceQuality "1"]

1. d4 Nf6 2. c4 e6 3. Nc3 Bb4 4. Qc2 0-0 5. Nf3 b6 6. e3 Bb7 7. Be2 Ne4 8. 0-0 Bxc3 9. bxc3 f5 10. Ne5 d6 11. Nd3 Nd7 12. Nf4 Qe8 13. Bd3 g5 14. Ne2 Qg6 15. f3 Nef6 16. g4 Ne8 17. Ng3 Ng7 18. e4 fxg4 19. fxg4 Rxf1+ 20. Nxf1 Rf8 21. Qe2 e5 22. Ng3 Qf6 23. Be3 Ne6 24. Nf5 Re8 25. Qc2 exd4 26. cxd4 Ndc5 27. Rf1 Nxd3 28. Qxd3 Qg6 29. d5 Nc5 1/2-1/2

[Event "Warsaw YMCA Winter-B 164th"]
[Site "Warsaw"]
[Date "2016.02.09"]
[Round "12"]
[White "Baranska, Monika"]
[Black "Kasperkiewicz, Pawel"]
[Result "1/2-1/2"]
[WhiteElo "1748"]
[BlackElo "1899"]
[PlyCount "30"]
[EventDate "2016.01.07"]
[EventType "tourn"]
[EventRounds "13"]
[EventCountry "POL"]
[SourceTitle "EXT 2019"]
[Source "ChessBase"]
[SourceDate "2018.10.10"]
[SourceVersion "1"]
[SourceVersionDate "2018.10.10"]
[SourceQuality "1"]

1. d4 Nf6 2. Bg5 d5 3. Bxf6 exf6 4. e3 c6 5. g3 Qb6 6. Qc1 Be7 7. Ne2 Bg4 8. Nd2 0-0 9. Nf4 Bb4 10. c3 Bd6 11. Bg2 Qa6 12. Bf1 Qb6 13. Bg2 Qa6 14. Bf1 Qb6 15. Bg2 Qa6 1/2-1/2

[Event "Mazowiec-chT 1516"]
[Site "Poland"]
[Date "2016.01.24"]
[Round "5.5"]
[White "Kaminski, Lukasz"]
[Black "Baranska, Monika"]
[Result "1-0"]
[WhiteElo "1399"]
[BlackElo "1725"]
[PlyCount "67"]
[EventDate "2015.12.13"]
[EventType "team-tourn"]
[EventRounds "7"]
[EventCountry "POL"]
[SourceTitle "EXT 2019"]
[Source "ChessBase"]
[SourceDate "2018.10.10"]
[SourceVersion "1"]
[SourceVersionDate "2018.10.10"]
[SourceQuality "1"]
[WhiteTeam "Warszawa Entropia"]
[BlackTeam "Skoczek Trojanski"]
[WhiteTeamCountry "POL"]
[BlackTeamCountry "POL"]

1. e4 e6 2. Nf3 d5 3. exd5 exd5 4. d4 Bd6 5. Nc3 c6 6. Bd3 Ne7 7. h3 Bf5 8. 0-0 0-0 9. Bg5 Bxd3 10. Qxd3 Qc7 11. Rfe1 Ng6 12. Re2 h6 13. Bd2 Nd7 14. Rae1 Rad8 15. Qf5 Nf4 16. Bxf4 Bxf4 17. Re7 Bd6 18. R7e3 Nf6 19. Ne5 Bxe5 20. dxe5 Nh7 21. Rg3 Qd7 22. Qf4 Kh8 23. Ne2 c5 24. Qh4 Rde8 25. Nf4 Qe7 26. Qxe7 Rxe7 27. Nxd5 Rd7 28. c4 Ng5 29. f4 Ne6 30. f5 Nd4 31. e6 fxe6 32. fxe6 Rd6 33. e7 Re8 34. Nc7 1-0

[Event "Mazowiec-chT 1516"]
[Site "Poland"]
[Date "2016.01.10"]
[Round "3.10"]
[White "Baranska, Monika"]
[Black "Bazan, Michal"]
[Result "1-0"]
[WhiteElo "1725"]
[BlackElo "1542"]
[PlyCount "87"]
[EventDate "2015.12.13"]
[EventType "team-tourn"]
[EventRounds "7"]
[EventCountry "POL"]
[SourceTitle "EXT 2019"]
[Source "ChessBase"]
[SourceDate "2018.10.10"]
[SourceVersion "1"]
[SourceVersionDate "2018.10.10"]
[SourceQuality "1"]
[WhiteTeam "Skoczek Trojanski"]
[BlackTeam "Warszawa Polonia II"]
[WhiteTeamCountry "POL"]
[BlackTeamCountry "POL"]

1. d4 Nf6 2. c4 e6 3. Nc3 d5 4. Bg5 Nbd7 5. e3 c6 6. Nf3 Bd6 7. cxd5 exd5 8. Bd3 0-0 9. 0-0 h6 10. Bh4 Qc7 11. Rc1 a6 12. Qc2 Re8 13. a3 Ng4 14. h3 Ngf6 15. Bxf6 Nxf6 16. Bf5 Bxf5 17. Qxf5 Qb6 18. Na4 Qa5 19. Nc5 Bxc5 20. Rxc5 Qb6 21. Ne5 Re7 22. Rc2 Ne4 23. Qh5 a5 24. Nd3 Rae8 25. Nf4 Qb3 26. Qe2 g5 27. Nd3 f6 28. Nc5 Nxc5 29. Rxc5 f5 30. Qh5 Kg7 31. h4 gxh4 32. Qxf5 Re4 33. Rxa5 Qxb2 34. Ra7 Qb6 35. Ra4 Qc7 36. Rb4 Rf8 37. Qh3 Rf6 38. Rfb1 b5 39. a4 Qf7 40. axb5 Rxf2 41. bxc6 Re7 42. Rb7 Rc2 43. Rxe7 Qxe7 44. Rb7 1-0